00613nam a22001937a 4500003000900000008004100009020001800050040007100068082001700139100002100156245003100177260006800208300002800276440002800304650002100332650001300353650003000366700002300396AR-CdUCM190308b ||||| |||| 00| 0 spa d a950-614-060-X aMUNICIPALIDAD PROVINCIAL DEL CUSCOcBIBLIOTECA MUNICIPAL DEL CUSCO a838.9 /bB99 aBöll, Heinrich a¿Dondé estabas, Adán? aBuenos Aires :bEdiciones Orbis,bHyspamerica ediciones,c1983. a202 páginas ;c20 cm. a Los premios Nobel.n24 aNovelas alemanas aSiglo XX atraducciones al español aJanés, Alfonsina